[Event "FIDE Womens GP Gibraltar 2021"]
[Site "Caleta"]
[Date "2021.06.01"]
[Round "10.2"]
[White "Mammadzada, Gunay"]
[Black "Saduakassova, Dinara"]
[Result "1/2-1/2"]
[WhiteElo "2443"]
[BlackElo "2500"]
[Annotator "TA"]
[PlyCount "74"]
[EventDate "2021.05.22"]
[EventType "tourn"]
[EventCountry "GGB"]
[Tiebreak "Koya+Number of black wins+Number of wins"]
[SourceTitle "playchess.com"]
[Source "ChessBase"]
[SourceQuality "1"]

{[%evp 14,74,6,2,9,4,21,18,4,9,4,2,35,0,0,0,0,-4,-6,-8,6,0,0,0,-8,-15,-4,0,0,0,
-10,0,-7,-7,0,0,22,33,38,0,6,2,18,0,0,0,0,0,0,0,4,4,2,0,12,0,0,0,0,0,0,0,0]} 1.
d4 Nf6 2. c4 e6 3. g3 d5 4. Bg2 Bb4+ 5. Bd2 Be7 6. Nf3 O-O 7. O-O c6 8. Bf4
dxc4 {E11: Bogo-Indian.} 9. Ne5 Nd5 10. Nxc4 Nxf4 11. gxf4 Qc7 12. e3 b6 {
[%cal Bb7b6,Bb6b5,Bb5b4][%mdl 32]} 13. Nc3 Ba6 14. b3 Nd7 15. Qc2 {[#]} Rac8
$146 ({Predecessor:} 15... b5 16. Nb2 b4 17. Ne2 Rac8 18. Rfd1 c5 19. Rac1 Nb6
20. dxc5 Qxc5 21. Qxc5 Rxc5 {1-0 (47) Bus,K (2219)-Kucza,K (2297) Warsaw 2017})
16. Rfd1 b5 17. Nd2 b4 18. Na4 c5 19. Rac1 Qb8 20. d5 exd5 21. Bxd5 Be2 22. Re1
Bb5 23. Nb2 Bf6 24. Nbc4 Bc3 25. Red1 Nf6 26. Ne4 Nxe4 $1 {The position is
equal.} 27. Qxe4 Rcd8 28. Ne5 Rde8 29. Qf3 Bxe5 30. fxe5 Rxe5 31. Rxc5 Bd7 32.
Rc4 Be6 33. Bxe6 Rxe6 34. Qf4 Qb7 35. Rd6 a5 36. Rxe6 fxe6 37. Qe4 Qf7 {
Weighted Error Value: White=0.04/Black=0.04} 1/2-1/2

[Event "FIDE Womens GP Gibraltar 2021"]
[Site "Caleta"]
[Date "2021.06.01"]
[Round "10.5"]
[White "Muzychuk, Mariya"]
[Black "Gunina, Valentina"]
[Result "1-0"]
[WhiteElo "2544"]
[BlackElo "2421"]
[Annotator "TA"]
[PlyCount "121"]
[EventDate "2021.05.22"]
[EventType "tourn"]
[EventCountry "GGB"]
[Tiebreak "Koya+Number of black wins+Number of wins"]
[SourceTitle "playchess.com"]
[Source "ChessBase"]
[SourceQuality "1"]

{[%evp 15,121,28,16,13,11,12,30,29,34,33,29,36,13,13,53,50,117,123,122,113,150,
152,199,198,215,206,358,347,312,297,306,321,314,328,320,331,331,331,328,314,
275,229,220,233,234,248,224,248,252,246,246,253,253,236,246,246,311,300,293,
279,350,336,365,347,369,363,360,367,456,420,466,466,547,445,545,530,515,506,
570,551,551,551,631,631,663,666,616,612,747,740,764,729,1528,1480,1362,1824,
1530,1306,4690,4562,1924,1919,29978,29979,29979,982,29980,29980]} 1. c4 c6 2.
d4 d5 3. Nc3 Nf6 4. Nf3 dxc4 5. a4 Bf5 6. Ne5 Nbd7 7. Nxc4 Nb6 8. Ne5 a5 9. f3
{D17: Slav Defence: 5 a4 Bf5: Lines with 6 Nh4 and 6 Ne5.} Nfd7 10. Nxd7 Bxd7
11. e4 {White has an edge.} e6 12. Be3 Bb4 13. Be2 O-O 14. O-O Qe7 15. Na2 {[#]
} c5 $146 {White leaves nothing to chance now.} (15... Bd6 $14) ({Predecessor:
} 15... Bd6 16. Qb3 Bc7 17. Rac1 Rfe8 18. Bf2 Rab8 19. Rfd1 c5 20. Nc3 c4 21.
Bxc4 Qb4 22. Qxb4 axb4 {0-1 (65) Protopopova,A (2261)-Gunina,V (2427) Moscow
2021}) 16. Nxb4 $16 cxb4 17. d5 Nc8 18. d6 $1 {[%cal Rd6e7]} Qf6 19. f4 e5 20.
Qd5 Bc6 $2 (20... exf4 21. e5 {[%mdl 64] Zwischenzug} (21. Qxb7 Qxb2 22. Bc5
Qe5 $16 {[%mdl 64] Decoy}) (21. Rxf4 Qe6 $16) 21... Qe6 22. Qxe6 fxe6 23. Bxf4
(23. Rxf4 Rxf4 24. Bxf4 Nb6 $16) 23... Nb6) 21. fxe5 $18 Qg6 22. Qd4 {Strongly
threatening Rf5.} Bxe4 {[%csl Ge4][%cal Rg6g2] [#]} 23. Bf3 {[%cal Rf3e4]} Bxf3
24. Rxf3 Na7 25. Qh4 Nc6 {[#]} 26. Rg3 $1 {[%cal Rg3g6]} Qe6 27. Bh6 $1 {
[%cal Rh6g7]} g6 28. Bxf8 Rxf8 29. Re1 Nxe5 30. Qe7 $40 {[%mdl 128] White has
strong attack.} Re8 31. Qxe6 Rxe6 {[%mdl 4096] Endgame KRR-KRN} 32. Rge3 f6 33.
Rd1 Re8 34. Re2 Rd8 35. Rc2 Nc6 36. d7 Kf7 37. Rc5 Ke7 38. Rb5 Rb8 39. d8=Q+
Nxd8 40. Rxa5 Nc6 41. Rad5 h5 42. Re1+ Ne5 43. Rb5 Kf7 44. Rd1 g5 45. Rxb4 Kg6
46. a5 Ra8 47. Ra1 Ra7 48. Rb5 h4 49. h3 Nc4 50. b4 {[%cal Bb2b4,Bb4b5][%mdl
32]} Nd6 51. Rd5 Ne4 52. b5 b6 53. a6 Nc3 54. Rd6 Nxb5 55. Rxb6 Nc7 56. Ra5
Nxa6 57. Raxa6 Rf7 58. Kf2 Rf8 59. Kf3 Kf5 60. Rb5+ Kg6 61. Kg4 {Weighted
Error Value: White=0.05/Black=0.45} 1-0

[Event "FIDE Womens GP Gibraltar 2021"]
[Site "Caleta"]
[Date "2021.06.02"]
[Round "11.4"]
[White "Muzychuk, Anna"]
[Black "Abdumalik, Zhansaya"]
[Result "1/2-1/2"]
[WhiteElo "2535"]
[BlackElo "2472"]
[Annotator "TA"]
[PlyCount "40"]
[EventDate "2021.05.22"]
[EventType "tourn"]
[EventCountry "GGB"]
[Tiebreak "Koya+Number of black wins+Number of wins"]
[SourceTitle "playchess.com"]
[Source "ChessBase"]
[SourceQuality "1"]

{[%evp 23,40,25,21,22,23,6,0,7,20,0,0,0,18,0,0,0,2,0,0]} 1. e4 e5 2. Nf3 Nc6 3.
Bb5 a6 4. Ba4 Nf6 5. O-O Be7 6. Re1 b5 7. Bb3 O-O 8. a4 b4 9. a5 Rb8 10. c3 d6
11. d3 Be6 12. Bxe6 fxe6 13. Nbd2 {C90: Closed Ruy Lopez with 7...d6: Early
deviations.} Rb5 14. Nc4 Qe8 {The position is equal.} 15. h3 {[#]} Qg6 $146 ({
Predecessor:} 15... Nh5 16. Be3 Nf4 17. Bxf4 Rxf4 18. d4 exd4 19. cxd4 Qh5 20.
Re3 d5 21. exd5 {1/2-1/2 (21) Evtushenko,S (2547)-Odrov,V (2397) ICCF email
2017}) 16. Nh4 Qf7 17. Nf3 Qg6 18. Nh4 Qf7 19. Nf3 Qg6 20. Nh4 Qf7 {A rather
calm draw.  Weighted Error Value: White=0.08/Black=0.02} 1/2-1/2